MANUAL OF PRACTICAL ANATOMY (THORAX & ABDOMEN") VOL-2 / (Record no. 797682)

MARC details
000 -LEADER
fixed length control field 00407pam a2200145 a 4500
020 ## - INTERNATIONAL STANDARD BOOK NUMBER
International Standard Book Number 8123913850
Terms of availability
041 ## - LANGUAGE CODE
Language code of original
082 ## - DEWEY DECIMAL CLASSIFICATION NUMBER
Classification number 611
Item number FAR
100 ## - MAIN ENTRY--PERSONAL NAME
Personal name FARUQI, N .
245 ## - TITLE STATEMENT
Title MANUAL OF PRACTICAL ANATOMY (THORAX & ABDOMEN") VOL-2 /
Statement of responsibility, etc. NULL.
Medium Textual Documents
260 ## - PUBLICATION, DISTRIBUTION, ETC.
Place of publication, distribution, etc. NULL :
Name of publisher, distributor, etc. CENTRAL BOOK SUPP. (CBS) ,
Date of publication, distribution, etc. 2006.
300 ## - PHYSICAL DESCRIPTION
Extent 322 : :
Other physical details XI ; ;
Dimensions A4 . +
Accompanying material PB.
650 ## - SUBJECT ADDED ENTRY--TOPICAL TERM
Topical term or geographic name entry element ANATOMY
930 ## - EQUIVALENCE OR CROSS-REFERENCE-UNIFORM TITLE HEADING [LOCAL, CANADA]
Uniform title 3148
Holdings
Withdrawn status Lost status Damaged status Not for loan Collection Home library Current library Date acquired Source of acquisition Total Checkouts Full call number Barcode Date last seen Copy number Price effective from Koha item type
          Medical College & Hospital, Sangli Medical College & Hospital, Sangli 05/01/2009 B.M.S.G.B.PUNE   611 FAR MCS-7262 26/07/2023 1 26/07/2023 Book